| 000 | 00701nam a22001935a 4500 | ||
|---|---|---|---|
| 005 | 20180129115925.0 | ||
| 008 | 180129t1984 ohua frb 001 0 eng d | ||
| 040 |
_aEG-ScBUE _beng _cEG-ScBUE _dEG-ScBUE |
||
| 082 | 0 | 4 |
_222 _a158.7 _bAPP |
| 100 | 1 | _aAppell, Allen L. | |
| 245 | 1 | 2 |
_aA practical approach to human behavior in business / _cAllen L. Appell. |
| 260 |
_aColumbus : _bCharles E. Merrill Publishing Company : _bA Bell & Howell Company, _cc.1984. |
||
| 300 |
_axii, 371 p. : _bill. ; _c24 cm. |
||
| 504 | _aIncludes bibliographical references and index. | ||
| 541 | _aDonation from David Kirby. | ||
| 650 | 7 |
_2BUEsh _912215 _aPsychology, Industrial. |
|
| 653 |
_bGGEN _cJanuary2018 |
||
| 942 | _2ddc | ||
| 999 |
_c26034 _d26006 |
||